Linewidth measurements for tunable laser source /
Saved in:
| 主要作者: | |
|---|---|
| 格式: | Thesis 图书 |
| 语言: | English |
| 出版: |
2010.
|
| 主题: | |
| 标签: |
添加标签
没有标签, 成为第一个标记此记录!
|
| LEADER | 01232cam a2200289 i 4500 | ||
|---|---|---|---|
| 001 | u853338 | ||
| 003 | SIRSI | ||
| 005 | 201203161917 | ||
| 008 | 120316s2010 my a m 000 0 eng m | ||
| 040 | |a UMM |d UMJ |e rda | ||
| 090 | |a TK7 |b UM 2010 Azo | ||
| 097 | |a TK7 |b UM 2010 Azo | ||
| 100 | 1 | |a Azooz, Salam Mahdi, |e author. | |
| 245 | 1 | 0 | |a Linewidth measurements for tunable laser source / |c Salam Mahdi Azooz. |
| 264 | 1 | |c 2010. | |
| 300 | |a [ii] x, 54 leaves : |b illustrations ; |c 30 cm. | ||
| 502 | |a Dissertation (M.Eng.) -- Jabatan Kejuruteraan Elektrik, Fakulti Kejuruteraan, UniversitI Malaya, 2010. | ||
| 504 | |a Bibliography: leaves 52-54. | ||
| 650 | 0 | |a Tunable lasers |x Measurement. | |
| 650 | 0 | |a Lasers |x Measurement. | |
| 650 | 0 | |a Frequencies of oscillating systems |x Measurement. | |
| 710 | 2 | |a Universiti Malaya. |b Jabatan Kejuruteraan Elektrik. | |
| 900 | |a US-ZA | ||
| 596 | |a 1 7 | ||
| 999 | |a TK7 UM 2010 AZO |w LC |c 1 |i A514904282 |d 22/12/2014 |f 22/12/2014 |g 1 |l STACKS |m P01UTAMA |r Y |s Y |t TESIS |u 12/12/2014 | ||
| 999 | |a TK7 UM 2010 AZO |w LC |c 2 |i A513411706 |l B_KOM1 |m P01UTAMA |r Y |s Y |t TESIS |u 19/4/2019 |o .CIRCNOTE. BKOM 1:042896 | ||
| 999 | |a TK7 UM 2010 AZO |w LC |c 1 |i A514901635 |d 8/4/2014 |f 8/4/2014 |g 3 |l STACKS |m P07JURUTER |r Y |s Y |t TESIS |u 8/4/2014 | ||
